UM Logo
Normal view MARC view
  • Rivera, M. Christina.

Entry Corporate Name

Number of records used in: 1

001 - CONTROL NUMBER

  • control field: 68826

003 - CONTROL NUMBER IDENTIFIER

  • control field: OSt

005 - DATE AND TIME OF LATEST TRANSACTION

  • control field: 20251014135822.0

008 - FIXED-LENGTH DATA ELEMENTS

  • fixed length control field: 251014|| aca||aabn | a|a d

040 ## - CATALOGING SOURCE

  • Original cataloging agency: OSt

110 ## - HEADING--CORPORATE NAME

  • Corporate name or jurisdiction name as entry element: Rivera, M. Christina.
  • Relator term: author.